| 000 | 00660nam a2200241Ia 4500 | ||
|---|---|---|---|
| 003 | OSt | ||
| 005 | 20220924121338.0 | ||
| 006 | a|||||r|||| 00| 0 | ||
| 007 | ta | ||
| 008 | 220923b |||||||| |||| 00| 0 tel d | ||
| 024 | _a345515 | ||
| 037 | _cTextual | ||
| 040 |
_aARTS _cARTS _btel |
||
| 041 |
_2tel _atel |
||
| 082 | _aU8.247, 35L8 | ||
| 100 |
_aKrishankumari Nayani Au. _9185421 |
||
| 245 | 0 | _aKashmiradeepakalika | |
| 260 |
_aHyderabad _bJayashree Printing House India _c1978 |
||
| 300 |
_a127p. _ccm. |
||
| 650 | _aGEOGRAPHY | ||
| 942 |
_hU8.247, 35L8 _cTEXL _2CC |
||
| 999 |
_c407029 _d407029 |
||